| 000 | 00635nam a2200229 i 4500 | ||
|---|---|---|---|
| 001 | bg | ||
| 245 | 1 | 0 |
_aKodeks handlowy : _bpełny skorowidz rzeczowy / _c[oprac. red. Edmund Knyspel]. |
| 250 | _aStan prawny na dzień 2 kwietnia 1998 r. | ||
| 260 |
_aWarszawa : _bDom Wydawniczy ABC, _c1998. |
||
| 300 |
_a168 s. ; _c21 cm. |
||
| 490 | 1 | _aKodeksy | |
| 504 | _aIndeks. | ||
| 650 | 9 |
_aPrawo handlowe _zPolska _ystan na 1998 r. |
|
| 830 | _aKodeksy | ||
| 020 | _a8387286540 | ||
| 040 | _cBPK | ||
| 041 | 0 | _apol | |
| 080 | _a347.7(094.4) | ||
| 920 | _a83-87286-54-0 | ||
| 942 | _cKS | ||
| 008 | s pl f |000 0 pol | ||
| 999 |
_c52918 _d52918 |
||
| 856 |
_uhttp://koha.tu.koszalin.pl/cgi-bin/koha/opac-detail.pl?biblionumber=52918 _yKatalog online BPK |
||